Guess the Taylor Swift Song (Speak Now TV) 22 - Statistics

General Stats
  • This quiz has been taken 11 times
  • The average score is 317 of 345
Answer Stats
Answer % Correct
a
100%
And
100%
and
100%
away
100%
baby
100%
baby,
100%
be
100%
better
100%
But
100%
Cause
100%
down
100%
everything
100%
eyes,
100%
eyes
100%
for
100%
get
100%
Get
100%
go
100%
good
100%
house
100%
I
100%
I'm
100%
in
100%
is
100%
it
100%
It's
100%
it's
100%
Kiss
100%
know
100%
lights
100%
me
100%
Meet
100%
My
100%
my
100%
no
100%
not
100%
now
100%
of
100%
on
100%
really
100%
run
100%
see
100%
something
100%
Take
100%
than
100%
that
100%
The
100%
the
100%
there
100%
those
100%
to
100%
What
100%
when
100%
wish
100%
with
100%
would
100%
you
100%
You
100%
you,
100%
your
100%
You're
100%
you're
100%
around
86%
As
86%
bad
86%
cards
86%
Close
86%
could
86%
couldn't
86%
Drop
86%
enough
86%
even
86%
far
86%
find
86%
fly,
86%
fly
86%
green
86%
just
86%
Just
86%
like
86%
Like
86%
make
86%
mind
86%
move
86%
once
86%
pain
86%
pouring
86%
rain
86%
running
86%
send
86%
should
86%
sidewalk
86%
smile
86%
sparks
86%
stood
86%
thinking
86%
touch
86%
wait
86%
was
86%
whenever
86%
won't
86%
Won't
86%
by
71%
feel
71%
forgets
71%
front
71%
full
71%
hair
71%
haunt
71%
hope
71%
idea
71%
keep
71%
keeping
71%
kind
71%
oh,
71%
patiently
71%
rainstorm
71%
reckless
71%
remind
71%
rest
71%
right
71%
show
71%
slow
71%
that'll
71%
up
71%
watch
71%
way
71%
world
71%
captivated
57%
fingers
57%
fireworks
57%
Gimme
57%
guard
57%
imagined
57%
kinda
57%
lead
57%
soft
57%
staircase
57%
through
57%
whisper
57%
wild
57%
wrong
57%
No matching quizzes found
Score Distribution
Percent of People with Each Score
Percentile by Number Answered
Your Score History
You have not taken this quiz